<?xml version="1.0" encoding="UTF-8"?>
<collection xmlns="http://www.loc.gov/MARC21/slim">
 <record>
  <leader>     na                 </leader>
  <controlfield tag="001">INLIS000000000014943</controlfield>
  <controlfield tag="005">20251112095205</controlfield>
  <datafield tag="035" ind1=" " ind2=" ">
   <subfield code="a">0010-1125000016</subfield>
  </datafield>
  <datafield tag="245" ind1="1" ind2=" ">
   <subfield code="a">Gaul dan modis dengan gamis :</subfield>
   <subfield code="b">untuk remaja &amp; dewasa /</subfield>
   <subfield code="c">Eri Rohayati</subfield>
  </datafield>
  <datafield tag="100" ind1="0" ind2=" ">
   <subfield code="a">Eri Rohayati</subfield>
  </datafield>
  <datafield tag="300" ind1=" " ind2=" ">
   <subfield code="a">viii, 100 hlm.; 23 cm. :</subfield>
   <subfield code="b">Ilustrasi berwarna</subfield>
  </datafield>
  <datafield tag="700" ind1="0" ind2=" ">
   <subfield code="a">Th. Arie Prabawati (editor)</subfield>
  </datafield>
  <datafield tag="260" ind1=" " ind2=" ">
   <subfield code="a">Yogyakarta :</subfield>
   <subfield code="b">Andi,</subfield>
   <subfield code="c">2016</subfield>
  </datafield>
  <datafield tag="082" ind1=" " ind2=" ">
   <subfield code="a">746.92</subfield>
  </datafield>
  <datafield tag="084" ind1=" " ind2=" ">
   <subfield code="a">746.92 ERI g</subfield>
  </datafield>
  <datafield tag="020" ind1=" " ind2=" ">
   <subfield code="a">978-979-29-5145-5</subfield>
  </datafield>
  <datafield tag="650" ind1=" " ind2=" ">
   <subfield code="a">Pakaian -- Desain dan pola</subfield>
  </datafield>
  <datafield tag="650" ind1=" " ind2=" ">
   <subfield code="a">Pakaian wanita (Islam)</subfield>
  </datafield>
  <datafield tag="520" ind1=" " ind2=" ">
   <subfield code="a">Gamis bisa diartikan sebagai busana muslim dengan model baju terusan yang panjangnya sampai mata kaki. Awalnya, istilah gamis mengacu pada pakaian tanpa jahitan. Gamis disukai karena potongannya longgar di pinggang sehingga terasa nyaman. Selain itu, pemakainya akan terlihat anggun dan feminin. Saat ini terdapat berbagai pilihan model dan jenis baju gamis, antara lain baju gamis batik, gamis kaos dan lain-lain. &#13;
&#13;
Buku ini memberikan ide rancangan busana gamis yang cantik dan modis untuk remaja dan dewasa. Pada setiap rancangan dilengkapi dengan pola agar busana mudah diwujudkan.</subfield>
  </datafield>
  <controlfield tag="008">251112                d          0 ind  </controlfield>
  <datafield tag="990" ind1=" " ind2=" ">
   <subfield code="a">025.4486/PC/25</subfield>
  </datafield>
  <datafield tag="990" ind1=" " ind2=" ">
   <subfield code="a">025.4487/PC/25</subfield>
  </datafield>
  <datafield tag="990" ind1=" " ind2=" ">
   <subfield code="a">025.4488/PC/25</subfield>
  </datafield>
 </record>
</collection>
